Envionmental impact. (Record no. 60483)

MARC details
000 -LEADER
fixed length control field 00751cam a2200193 4500
001 - CONTROL NUMBER
control field ABS60832
008 - FIXED-LENGTH DATA ELEMENTS--GENERAL INFORMATION
fixed length control field 000000n1999 000 0 eng u
035 ## - SYSTEM CONTROL NUMBER
System control number (Sirsi) u101336
100 ## - MAIN ENTRY--PERSONAL NAME
Personal name Martin, J.
245 ## - TITLE STATEMENT
Title Envionmental impact.
260 ## - PUBLICATION, DISTRIBUTION, ETC.
Date of publication, distribution, etc. 1999
490 ## - SERIES STATEMENT
Series statement Estates Gazette
Volume/sequential designation (9924) 19 June 1999, 153(1)
520 ## - SUMMARY, ETC.
Summary, etc. Considers the implications of the case "R v Rochdale Metropolitan Borough Council, ex parte Milne", where outline planning permission for a development was quashed by the High Court because the application did not contain sufficient environmental assessment information.
650 ## - SUBJECT ADDED ENTRY--TOPICAL TERM
Topical term or geographic name entry element ENVIRONMENTAL ASSESSMENT
650 ## - SUBJECT ADDED ENTRY--TOPICAL TERM
Topical term or geographic name entry element DEVELOPMENT
690 ## - LOCAL SUBJECT ADDED ENTRY--TOPICAL TERM (OCLC, RLIN)
Topical term or geographic name as entry element PLANNING LAW AND PRACTICE
700 ## - ADDED ENTRY--PERSONAL NAME
Personal name Edwards, M.
942 ## - ADDED ENTRY ELEMENTS (KOHA)
Suppress in OPAC 0
Holdings
Withdrawn status Lost status Source of classification or shelving scheme Damaged status Not for loan Home library Current library Shelving location Date acquired Total Checkouts Full call number Barcode Date last seen Copy number Price effective from Koha item type
    Dewey Decimal Classification     London London Journal article 03/11/1999   ABS60832 101336-1001 06/08/2019 1 06/08/2019 Journal article